000
00330nam a22001457a 4500
008
230601b ||||| |||| 00| 0 eng d
020
_a
9780357114728
041
_a
eng
080
_2
13TH EDITION
_a
51
082
_a
51SMI
100
_a
23
101
_a
MATE
245
_a
THE NATURE OF MATHEMATICS
_c
SMITH.J.K
942
_2
udc
_c
BK
999
_c
59895
_d
59895